Logo de la biblioteca USCO

Interpretación de pruebas de interferencia vertical para zonas de diferente permeabilidad / (Record no. 50659)

000 -CABECERA
campo de control de longitud fija nam a22 7a 4500
005 - FECHA Y HORA DE ACTUALIZACIÓN
005 20260430081621.0
008 - LONGITUD FIJA
campo de control de longitud fija 260430b ||||| |||| 00| 0 spa d
040 ## - FUENTE DE CATALOGACIÓN
Centro catalogador/agencia de origen CO-NeUS
Lengua de catalogación español
Normas de descripción rda
041 ## - IDIOMA
Código de lengua del texto/banda sonora o título independiente español
245 10 - TÍTULO PROPIAMENTE DICHO
título Interpretación de pruebas de interferencia vertical para zonas de diferente permeabilidad /
Mención de responsabilidad, etc. Ingris Astrid Mendoza Vidarte; Director
082 04 - CLASIFICACIÓN DECIMAL DEWEY
edición 21
Clasificación Th MIP 07
942 ## - PUNTO DE ACCESO ADICIONAL KOHA
Fuente del sistema de clasificación o colocación
Tipo de ítem Koha e-Tesis
Parte de la signatura que corresponde a la clasificación (Parte de la clasificación) Th MIP 07
Prefijo de la signatura Th
Holdings
Ocultar en el OPAC Perdido Esquema de clasificación No circula Colección Sede propietaria Localización actual Adquirido Signatura topográfica Código de barras Visto por última vez Ejemplar Tipo de ítem
En Colección       Tesis y Trabajos de Grado Biblioteca Central Biblioteca Central 2026-04-30 Th MIP 07 900000030057 2026-04-30 Ej.1 e-Tesis
En Colección       Tesis y Trabajos de Grado Biblioteca Central Biblioteca Central 2026-04-30 Th MIP 07 900000030058 2026-04-30 Ej.2 e-Tesis

Powered by Koha